| 000 | 00651nam a2200217 a 4500 | ||
|---|---|---|---|
| 005 | 20221011063544.0 | ||
| 008 | 030812s2000 mx r 000 0 spa d | ||
| 020 | _a9508021144 | ||
| 035 | _aUPN01000127843 | ||
| 049 | _aCG | ||
| 050 | 4 |
_aHV43 _bM3.2 |
|
| 100 | 1 | _aMalacalza, Susana Leonor | |
| 245 | 1 | 3 |
_aLa autonomÃa del sujeto : _bdiálogo desde el trabajo social / _cSusana Leonor Malacalza. |
| 260 |
_aBuenos Aires : _bEspacio, _c2000. |
||
| 300 | _a103 p. | ||
| 440 | 0 |
_aCiencias sociales. _pNovedades |
|
| 650 | 4 |
_aSERVICIO SOCIAL - _xCASOS _96475 |
|
| 650 | 7 |
_aAsistencia social _2 _96249 |
|
| 650 | 2 |
_aIdentidad _914114 |
|
| 905 | _aLibro | ||
| 999 |
_c100022 _d100022 |
||